[Event "Orsay Blitz op"]
[Site "Europe Echecs INT"]
[Date "2023.09.17"]
[Round "7"]
[White "Tandt, Christophe"]
[Black "Hameau, Cyril"]
[Result "0-1"]
[WhiteElo "1399"]
[BlackElo "1831"]
[PlyCount "60"]
[EventDate "2023.09.17"]
[EventType "swiss (blitz)"]
[EventRounds "11"]
[EventCountry "FRA"]
[SourceTitle "EXT 2025"]
[Source "ChessBase"]
[SourceDate "2024.10.14"]
[SourceVersion "1"]
[SourceVersionDate "2024.10.14"]
[SourceQuality "1"]

1. d4 Nf6 2. c4 e6 3. Nc3 Bb4 4. Bg5 c6 5. e4 Bxc3+ 6. bxc3 Qa5 7. Bd2 Nxe4 8. Nf3 0-0 9. Bd3 d5 10. Bxe4 dxe4 11. Ne5 f6 12. Ng4 Nd7 13. 0-0 f5 14. Ne3 Nf6 15. d5 exd5 16. cxd5 cxd5 17. c4 Qd8 18. cxd5 Nxd5 19. Qb3 Be6 20. Qxb7 Nb6 21. Bc3 Rf7 22. Qa6 f4 23. Qa3 fxe3 24. fxe3 Qe7 25. Qb2 Raf8 26. Rfd1 Qg5 27. g3 Qxe3+ 28. Kh1 Rf2 29. Qb4 Qf3+ 30. Kg1 Qg2# 0-1